[Event "Kinross USSA op"]
[Site "Kinross"]
[Date "2018.07.02"]
[Round "2"]
[White "De Abreu, Roberto N"]
[Black "Manqina, Sibusiso"]
[Result "1-0"]
[WhiteElo "2107"]
[BlackElo "1401"]
[PlyCount "51"]
[EventDate "2018.07.02"]
[EventType "swiss"]
[EventRounds "9"]
[EventCountry "RSA"]
[SourceTitle "CBM 185 Extra"]
[Source "ChessBase"]
[SourceDate "2018.07.29"]
[SourceVersion "1"]
[SourceVersionDate "2018.07.29"]
[SourceQuality "1"]

1. d4 Nf6 2. c4 e6 3. g3 d5 4. Nf3 c6 5. Bg2 Be7 6. 0-0 0-0 7. Qc2 Nbd7 8. Nbd2 b6 9. e4 dxe4 10. Nxe4 Bb7 11. Rd1 Nxe4 12. Qxe4 Bf6 13. Bf4 Rc8 14. b4 Qe7 15. Rab1 Rfd8 16. h4 Nf8 17. c5 Ng6 18. Bd6 Qe8 19. h5 Ne7 20. Bf1 Nd5 21. Bd3 g6 22. Rb3 Bg7 23. hxg6 hxg6 24. Kg2 Ba8 25. Be5 Nf6 26. Qh4 1-0